01463ngm a22002657a 450000500170000000800410001704000270005804100080008504400070009308200240010011000340012424501070015826000420026530000240030750501830033165000130051465000550052766200130058294200110059599900170060695201410062395201410076495201410090595201510104620150825170901.0150825b2010 ck ||||| |||| q0| vcspa d aCO-BoIAVH cCO-BoIAVH  aspa ack aIAVH-333.72 bC833p aInstituto Humboldt, Ecopetrol aMagdalena medio y LLanos orientalesbProyecto: Planeación para la Conservación de la Biodiversidad aColombia:bInstituto Humboldt,c2011. a23 minbDVDc18 cm. aPetroleo y biodiversidad un espacio en Fima. 5:00 Min Tras la búsqueda de los ODC. 11:30 min. La Orinoquia y el Magdalena Medio: tierras para una mirada singular. 5:28 min  aPetroleo aBiodiversidadzMagdalena medio y Llanos orientales aColombia 2zcDVD c17714d17714 00102ddc40708MEDIOSMaBogotabBogotad2015-08-25l0oMM-333.72 C833pp030031r2015-08-25 00:00:00tEj. 1w2015-08-25xOriginalyDVD 00102ddc40708MEDIOSMaBogotabBogotad2015-09-02l0oMM-333.72 C833pp028417r2015-09-02 00:00:00tEj. 2w2015-09-02xOriginalyDVD 00102ddc40708MEDIOSMaBogotabBogotad2015-09-02l0oMM-333.72 C833pp028413r2015-09-02 00:00:00tEj. 3w2015-09-02xOriginalyDVD 00102z40708MEDIOSMaBogotabBogotad2017-02-27l1m2oAV-00397p030030r2022-12-20 00:00:00s2020-03-12tEj. 4w2017-02-27xInstitucionalyDVD